Les 15 villes les plus peuplées du Limousin de 1806 à 2023 - Statistiques

Statistiques générales
  • Ce quiz a été pris 46 fois
  • Le résultat moyen est 66 sur 120
Statistiques - réponses
Hint Réponse % Correct
1806 Limoges 21 757
98%
1846 Limoges 38 119
98%
1876 Limoges 59 672
98%
1911 Limoges 92 973
98%
1936 Limoges 95 957
98%
1968 Limoges 133 019
98%
1999 Limoges 133 994
98%
2023 Limoges 129 937
98%
1806 Tulle 9 153
93%
1846 Tulle 11 646
93%
1876 Tulle 15 342
93%
1911 Tulle 15 942
93%
1936 Tulle 15 617
93%
1968 Tulle 20 016
93%
1999 Tulle 15 553
93%
2023 Tulle 13 401
93%
1806 Brive-la-Gaillarde 7 608
90%
1846 Brive-la-Gaillarde 8 829
90%
1876 Brive-la-Gaillarde 11 920
90%
1911 Brive-la-Gaillarde 21 486
90%
1936 Brive-la-Gaillarde 29 055
90%
1968 Brive-la-Gaillarde 46 530
90%
1999 Brive-la-Gaillarde 49 141
90%
2023 Brive-la-Gaillarde 47 095
90%
1806 Guéret 3 434
86%
1846 Guéret 5 404
86%
1876 Guéret 5 859
86%
1911 Guéret 8 281
86%
1936 Guéret 8 789
86%
1968 Guéret 12 849
86%
1999 Guéret 14 123
86%
2023 Guéret 12 955
86%
1806 Ussel 2 930
79%
1846 Ussel 4 350
79%
1876 Ussel 4 658
79%
1911 Ussel 5 298
79%
1936 Ussel 6 530
79%
1968 Ussel 8 464
79%
1999 Ussel 10 753
79%
2023 Ussel 9 187
79%
1876 La Souterraine 4 356
74%
1911 La Souterraine 4 355
74%
1936 La Souterraine 4 482
74%
1968 La Souterraine 5 104
74%
1999 La Souterraine 5 320
74%
1806 Aubusson 3 818
67%
1846 Aubusson 5 436
67%
1876 Aubusson 6 847
67%
1911 Aubusson 7 211
67%
1936 Aubusson 5 830
67%
1968 Aubusson 5 934
67%
1806 Saint-Junien 5 395
60%
1846 Saint-Junien 5 899
60%
1876 Saint-Junien 8 221
60%
1911 Saint-Junien 11 379
60%
1936 Saint-Junien 10 375
60%
1968 Saint-Junien 11 298
60%
1999 Saint-Junien 10 666
60%
2023 Saint-Junien 11 415
60%
1806 Bellac 3 411
48%
1876 Bellac 4 014
48%
1911 Bellac 4 875
48%
1936 Bellac 4 155
48%
1968 Bellac 5 240
48%
1806 Rochechouart 3 649
45%
1846 Rochechouart 4 415
45%
1876 Rochechouart 4 084
45%
1911 Rochechouart 4 559
45%
1936 Rochechouart 4 060
45%
1968 Rochechouart 4 059
45%
1806 Saint-Yrieix-la-Perche 6 252
45%
1846 Saint-Yrieix-la-Perche 7 515
45%
1876 Saint-Yrieix-la-Perche 6 706
45%
1911 Saint-Yrieix-la-Perche 8 205
45%
1936 Saint-Yrieix-la-Perche 7 298
45%
1968 Saint-Yrieix-la-Perche 6 816
45%
1999 Saint-Yrieix-la-Perche 7 251
45%
2023 Saint-Yrieix-la-Perche 6 830
45%
1999 Panazol 9 731
43%
2023 Panazol 11 342
43%
1999 Malemort 6 904
38%
2023 Malemort 8 239
38%
1999 Couzeix 6 635
36%
2023 Couzeix 10 195
36%
1968 Isle 4 732
33%
1999 Isle 7 691
33%
2023 Isle 7 995
33%
1806 Saint-Léonard-de-Noblat 5 390
29%
1846 Saint-Léonard-de-Noblat 6 117
29%
1876 Saint-Léonard-de-Noblat 5 989
29%
1911 Saint-Léonard-de-Noblat 6 443
29%
1936 Saint-Léonard-de-Noblat 5 754
29%
1968 Saint-Léonard-de-Noblat 5 709
29%
1999 Feytiat 5 273
26%
2023 Feytiat 6 176
26%
1999 Aixe-sur-Vienne 5 466
21%
2023 Aixe-sur-Vienne 5 890
21%
2023 Ambazac 5 556
21%
1806 Eymoutiers 3 128
21%
1846 Eymoutiers 3 830
21%
1876 Eymoutiers 4 089
21%
1911 Eymoutiers 4 094
21%
1936 Eymoutiers 3 673
21%
1999 Le Palais-sur-Vienne 5 726
19%
2023 Le Palais-sur-Vienne 5 775
19%
1936 Bort-les-Orgues 4 031
12%
1968 Bort-les-Orgues 4 937
12%
1806 Lubersac 3 082
12%
1846 Lubersac 3 850
12%
1806 Allassac 3 115
10%
1846 Allassac 4 222
10%
1876 Allassac 4 150
10%
1911 Allassac 4 396
10%
1936 Allassac 3 718
10%
1846 Meymac 3 830
10%
1968 Aixe-sur-Vienne 4 065
5%
1806 Châteauponsac 3 668
5%
1846 Châteauponsac 3 795
5%
1911 Châteauponsac 3 974
5%
1876 Lavaveix-les-Mines 4 108
2%
Aucun quiz correspondant
Distribution des résultats
% des personnes avec chaque résultat
Percentile par nombre de réponses
Votre historique - résultats
Vous n’avez pas pris ce quiz